| 000 | 00744nam a22002057a 4500 | ||
|---|---|---|---|
| 999 |
_c2011 _d2011 |
||
| 003 | AR-CdUCM | ||
| 008 | 190228b ||||| |||| 00| 0 spa d | ||
| 040 |
_aMUNICIPALIDAD PROVINCIAL DEL CUSCO _cBIBLIOTECA MUNICIPAL DEL CUSCO |
||
| 082 |
_a498.51 / _bP13 |
||
| 100 |
_aPacheco Farfan, Juvenal _97313 |
||
| 245 | _aLecciones de quechua inka / | ||
| 260 |
_aPerú : _bEdit.Antarqui, _c2002. |
||
| 300 |
_a176 paginas _c23 cm. |
||
| 505 | _aUso de las cinco vocales en quechua inka --División de la signatura del quechua o queswa inka --Características del quechua inka --Lecciones del quechua inka ... | ||
| 650 |
_aIdioma _93027 |
||
| 650 |
_aQuechua _92063 |
||
| 650 |
_aHistoria _9136 |
||
| 942 |
_2ddc _cLIBROS |
||
| 945 |
_arjall _d2019-02-28 |
||